• 首页
  • 本馆介绍
  • 公告通知
  • 最新文献
  • 馆藏检索
  • 电子资源
  • 读者导购
  • 参考咨询
  • 我的图书馆
  • 登录
  • 详细信息显示
  • 放入我的书架
  • 预约/预借图书
  • 作者相关作品
  • 分类相关作品
  • 丛书相关作品
  • 出版社相关作品

书目信息

  • 表格格式
  • 工作单格式
  • 卡片格式
题名:
建国以来社会主义基本经济规律资料汇编
    
 
作者: ;中国社会科学院经济研究学术资料室 编
分册: 中册  
出版信息: 北京   中国人民大学书报资料社  1980
页数: 261-544页
开本: 25cm
丛书名:
单 册:
中图分类: F043
科图分类:
主题词: 社会主义社会--生产方式
电子资源:
ISBN:
000 00892nam0 2200241 45
001 0180007994
005 20060317102251.14
010    @dCNY1.47
100    @a19950403d1980 em y0chiy0121 ea
101 0  @achi
102    @aCN@b110000
105    @ay z 000yy
200 10 @a建国以来社会主义基本经济规律资料汇编@Ajian guo yi lai she hui zhu yi ji ben jing ji gui lv zi liao hui bian@h中册@f中国社会科学院经济研究学术资料室编@Fzhong guo she hui ke xue yuan jing ji yan jiu xue shu zi liao shi bian
205    @b影印本
210    @a北京@c中国人民大学书报资料社@d1980
215    @a261-544页@d25cm
300    @a复印报刊资料
606 0  @a社会主义社会@x生产方式
690    @aF043@v3
711 02 @a中国社会科学院经济研究学术资料室@Azhong guo she hui ke xue yuan jing ji yan jiu xue shu zi liao shi@4编
801  2 @aCN@bNLC@c20060317
801  0 @aCN@bTSSF@c20051214
905    @a10447@dF043@e17:2
    
    建国以来社会主义基本经济规律资料汇编.中册/中国社会科学院经济研究学术资料室编.-影印本.-北京:中国人民大学书报资料社,1980
    261-544页;25cm
    复印报刊资料
    
    ISBN :CNY1.47
    
●
相关链接 在E读中查询图书 在五车中查询图书 在当当中查询图书 在豆瓣中查询图书


正题名:建国以来社会主义基本经济规律资料汇编     索取号:F043/17:2         预约/预借

序号 登录号 条形码 馆藏地/架位号 状态 备注
1 0050934   202206987   密集书库/ [索取号:F043/17:2] 在馆    
2 0050935   202165361   密集书库/ [索取号:F043/17:2] 在馆    
3 0050936   202206941   密集书库/ [索取号:F043/17:2] 在馆    
4 0050937   202206905   密集书库/ [索取号:F043/17:2] 在馆    
唐山师范学院图书馆 欢迎您!
大连网信软件有限公司© 版权所有